Sustainable Development of Leading Electricity Generation Companies in Ukraine: Non-financial Aspects

Problematika trvalo udržateľného rozvoja a integrovaného podávania správ podľa najnovších smerníc pre spoločnosti vyrábajúce energiu na Ukrajine. Kľúčové výkonnostné zvláštnosti popredných spoločností vyrábajúcich elektrinu v kontexte dodržiavania medzinárodných požiadaviek a globálnych výziev. Hlav...

ver descrição completa

Na minha lista:
Detalhes bibliográficos
Autor principal: Kuznetsova, Mariya, 1992-
Outros Autores: Ponomarenko, Serhii
Formato: Capítulo de Livro
Idioma:inglês
Assuntos:
Tags: Adicionar Tag
Sem tags, seja o primeiro a adicionar uma tag!

MARC

LEADER 00000naa a2200000 4500
001 0281726
005 20240502083906.6
041 0 |a eng 
044 |a UA 
245 1 0 |a Sustainable Development of Leading Electricity Generation Companies in Ukraine: Non-financial Aspects  |c Mariya Kuznetsova, Serhii Ponomarenko 
520 |a Problematika trvalo udržateľného rozvoja a integrovaného podávania správ podľa najnovších smerníc pre spoločnosti vyrábajúce energiu na Ukrajine. Kľúčové výkonnostné zvláštnosti popredných spoločností vyrábajúcich elektrinu v kontexte dodržiavania medzinárodných požiadaviek a globálnych výziev. Hlavné faktory perspektív rozvoja ukrajinského energetického sektora s cieľom nájsť niekoľko príležitostí pre budúci rast a štrukturálne posuny. 
610 2 0 |a energetika 
610 2 0 |a energia elektrická 
610 2 0 |a Ukrajina 
610 2 0 |a rozvoj trvalo udržateľný 
610 2 0 |a riadenie výkonov 
610 2 0 |a výkonnosť podniku 
100 1 |a Kuznetsova, Mariya, 1992- 
700 1 |a Ponomarenko, Serhii